1502 1032 1851 2000 1537 1680 1858 1344 1689 1543 1694 1559 1933 1648 1196 1445 1709 1396 1028 1923 1779 1459 1810 1604 1206 1286 1616 1157 1286 1745 1737 1181 1667 1004 1974 1260 1530 1389 1523 1838 1139 1629 1969 1304 1591 1738 1238 1774 1497 1600 1706 1224 1580 1575 1606 1832 1537 1501 1246 1760 1855 1166 1417 1998 1719 1385 1458 1660 1223 1141 1648 1575 1433 1690 1881 1517 1947 1829 1624 1277 1424 1766 1272 1922 1661 1324 1035 1493 1975 1147 1632 1591 1347 1942 1246 1313 1882 1553 1504 BCNSPRNW ULIB Ver.6.0+V

เปลี่ยนเป็นภาษาไทย

Change to English
 แสดงรายละเอียดบรรณานุกรม
  กลับหน้าหลัก

Brief Record : Get Marc (ISO 2709) : E-mail record : QR code < ปิดหน้าต่าง
LEADER : 00000nam 2200000uu 4500
001    13399124894
003     ULIB
008    020711s2015 th a 000 0 eng d
020    9789749752913
060    QX4^bL471
110    Phramongkutklao College of Medicine Book Project.
245    LECTURE NOTES ON MEDICAL PARASITOLOGY/^cPhramongkutklao College of Medicine Book Project.
250    1st ed
260     ^bPhramongkutklao College of Medicine Book Project,^c2015
300    228 pages;^b25 cm
650    Medical Parasitology
700    Saovanee Leelayoova
700    Paanjit Taamasri
700    Phunlerd Piyaraj
700    Picha Suwannahitatorn
700    Mathirut Mungthin
945    ^p800^l0^i23496
945    ^p800^l0^i23497
รายการนี้ยังไม่มีแท็ก
คุณยังไม่ได้ล็อกอิน คุณสามารถมีกิจกรรมร่วมกับเว็บไซต์ได้ แต่ต้องล็อกอินก่อน ::
  ล็อกอิน

รายการสื่อสารสนเทศ

ลำดับที่ ประเภท เลขเรียก/บาร์โค้ด สถานที่ สถานะ
1. วิทยาศาสตร์การแพทย์ และสุขภาพ
วิทยาศาสตร์การแพทย์ และสุขภาพ
สถานะ=หนังสือเก่า
QX4 L471 ฉ.1 
  Barcode: 23496
ห้องสมุดวิทยาเขตนครสวรรค์
►ส่วนจัดเก็บหนังสือเก่า นว.
บนชั้น
  ขอยืม
2. วิทยาศาสตร์การแพทย์ และสุขภาพ
วิทยาศาสตร์การแพทย์ และสุขภาพ
สถานะ=หนังสือเก่า
QX4 L471 ฉ.2 
  Barcode: 23497
ห้องสมุดวิทยาเขตนครสวรรค์
►ส่วนจัดเก็บหนังสือเก่า นว.
บนชั้น
  ขอยืม

รายการใกล้เคียง
    หัวเรื่อง [Medical Parasitology]

BibComment


ยังไม่เคยถูกคอมเมนท์

คอมเมนท์ทรัพยากรรายการนี้
  คอมเมนท์: LECTURE NOTES ON ..


 Copyright 2026. Bcnsprnw @Library